000 02401nam a2200253 a 4500
005 20260413160849.0
007 cr |||aaaaaaa|
008 260413s2023 ck| ||||o ||| 000 0 spa d
020 _a9786287651036
040 _aMX-MxUPN
_bspa
_eaacr2
041 0 _aspa
245 1 0 _aPatočka lector de Comenio :
_bde la filosofía de la educación
_h[recurso electrónico en línea]
250 _aPrimera edición
260 _aBogota, Colombia :
_b Universidad Pedagógica Nacional, Embajada de la República Checa en Bogotá,
_c2023
300 _a1 recurso en línea (184 páginas) :
_bPDF
490 0 _aColección Filosofía y enseñanza de la filosofía
505 _tEl espíritu y las dos capas básicas de la intencionalidad /
_rJan Patočka.--
_tJosef Čapek: El peregrino cojo /
_rJan Patočka.--
_tComenio y el alma abierta (En el tricentenario de la muerte de Comenio) /
_rJan Patočka.--
_tLos inicios de la psicología sistemática /
_rJan Patočka.--
_tDeclaración-Carta 77 Sobre el tema. Plastic People of the Universe y DG 307 /
_rJan Patočka.--
_t¿Qué es y qué no es la Carta 77?. Por qué la ley está de su lado y ninguna calumnia o medida violenta la sacudirá /
_rJan Patočka.--
_t¿Por qué no se debe publicar la Carta 77? Cuáles son los medios lógicos para la falsedad y el encubrimiento de ella? /
_rJan Patočka.--
_t¿Qué podemos esperar de Carta 77? /
_rJan Patočka.--
_tSobre la declaración de la Fiscalía General de la República Checoslovaca del 1 de febrero de 1977 /
_rJan Patočka.--
_tPatočka y su mundo de la vida /
_rEliška Krausová.--
_tLa estructura de los Escritos Completos de Jan Patočka como problema de interpretación /
_rIvan Chvatík, Pavel Kouba y Miroslav Petříček Jr..--
_tEn nombre del autor: la unidad artificial de las obras dispersas de Jan Patočka /
_rOndřej Švec.--
_tLa experiencia del laberinto en el contexto de las reflexiones sobre la existencia auténtica e inauténtica /
_rVěra Schifferová.--
_tEl maestro oculto: sobre el impacto de Patočka en la filosofía checa de hoy /
_rJan Frei.--
_tJan Patočka como filósofo comprometido públicamente: polis y filosofía /
_rTomáš Hejduk.
506 0 _aAcceso abierto
700 1 _aKrausová, Eliška
_959254
_eEdición
700 1 _aVargas Guillén, Germán
_958888
_eEdición
856 4 0 _uhttp://hdl.handle.net/20.500.12209/19028
902 _aJohanaAllegre/130426
942 _2lcc
_cLIBRO-E
999 _c214941
_d214941